Sports Quiz

Random Sports Quiz
Score 0/50 Timer 10:00
15 Plays Today
Season Player % Correct
1996-97Alan Shearer
98.9%
1995-96Alan Shearer
98.9%
1994-95Alan Shearer
98.9%
1993-94Alan Shearer
98.9%
1992-93Alan Shearer
98.9%
1998-99Andy Cole
94.4%
1994-95Andy Cole
94.4%
1993-94Andy Cole
94.4%
1998-99Michael Owen
88%
1997-98Michael Owen
88%
1996-97Robbie Fowler
87.7%
1995-96Robbie Fowler
87.7%
1994-95Robbie Fowler
87.7%
1995-96Teddy Sheringham
87.2%
1992-93Teddy Sheringham
87.2%
1998-99Dwight Yorke
84.7%
1996-97Dwight Yorke
84.7%
1995-96Dwight Yorke
84.7%
1996-97Ian Wright
83.7%
1993-94Ian Wright
83.7%
1991-92Ian Wright
83.7%
1997-98Chris Sutton
74.9%
1993-94Chris Sutton
74.9%
1995-96Les Ferdinand
73.4%
1994-95Les Ferdinand
73.4%
Season Player % Correct
1992-93Les Ferdinand
73.4%
1997-98Dennis Bergkamp
65%
1993-94Matt Le Tissier
56.5%
1990-91Matt Le Tissier
56.5%
1989-90Matt Le Tissier
56.5%
1990-91Alan Smith
56.5%
1996-97Ole Gunnar Solskjaer
55.9%
1991-92Gary Lineker
53.8%
1989-90Gary Lineker
53.8%
1997-98Dion Dublin
53.5%
1998-99Jimmy Floyd Hasselbaink
49%
1994-95Stan Collymore
44.9%
1998-99Nicholas Anelka
41.6%
1989-90John Barnes
40.7%
1990-91Niall Quinn
33.4%
1991-92Brian McClair
26.1%
1989-90David Platt
24.7%
1990-91Lee Chapman
19.6%
1992-93Mickey Quinn
19.2%
1992-93Dean Holdsworth
18.4%
1991-92David Hirst
15.3%
1991-92John Fashanu
13.2%
1990-91John Fashanu
13.2%
1997-98Kevin Gallacher
11.6%
1989-90Kerry Dixon
8.9%

You're not logged in!

Compare scores with friends on all Sporcle quizzes.
OR
Log In

Sporcle TV

Today on Sporcle TV


Watch our educational content, quiz creation guides, and fun videos on Sporcle TV.

Show Comments

Extras

Created Feb 12, 2020ReportNominate
Tags:English, goal, league, Player, Scorer, season

Top Quizzes Today


Score Distribution

Paid Content

Your Account Isn't Verified!

In order to create a playlist on Sporcle, you need to verify the email address you used during registration. Go to your Sporcle Settings to finish the process.

Report this User

Report this user for behavior that violates our Community Guidelines.

Details: